22 Ways Not to Play 'Ball' Quiz Stats

Quiz Updated Sep 6, 2017

Challenge
Share
Tweet
Embed
Score 0/22 Timer 01:30
7 Plays Today
% Correct
Call
98.7%
Mall
98.3%
Tall
98%
Fall
97.8%
Bill
97.3%
Bell
97.2%
Hall
97.1%
Bull
96.6%
Wall
96.3%
Boll
96.3%
Pall
95.9%
% Correct
Gall
95.7%
Sall
90.3%
Lall
83.7%
Bale
83.6%
Bail
83%
Balm
82.3%
Bald
82.2%
Balk
81.1%
Bals
72.7%
Baal
62%
Bawl
61.1%

You're not logged in!

Compare scores with friends on all Sporcle quizzes.
Sign Up with Email
OR
Log In

You Might Also Like...

Show Comments

Extras

Top Quizzes Today


Score Distribution

Your Account Isn't Verified!

In order to create a playlist on Sporcle, you need to verify the email address you used during registration. Go to your Sporcle Settings to finish the process.